<?xml version="1.0" encoding="UTF-8"?>
<collection xmlns="http://www.loc.gov/MARC21/slim">
 <record>
  <leader>01440ppm a22003378a 4500</leader>
  <controlfield tag="001">00031567</controlfield>
  <controlfield tag="005">20171026081023.0</controlfield>
  <controlfield tag="008">131225s2013                  ||||||viesd</controlfield>
  <datafield tag="041" ind1="0" ind2="#">
   <subfield code="a">vie</subfield>
  </datafield>
  <datafield tag="082" ind1="1" ind2="4">
   <subfield code="b">PH110TR</subfield>
   <subfield code="a">516</subfield>
  </datafield>
  <datafield tag="100" ind1="1" ind2="#">
   <subfield code="a">Nguyễn, Thị Thu Hường</subfield>
  </datafield>
  <datafield tag="245" ind1="1" ind2="0">
   <subfield code="a">Phát triển năng lực chứng minh toán học cho học sinh thông qua dạy học chủ đề Vectơ trong chương I phần hình học 10 cơ bản</subfield>
   <subfield code="b">Khóa luận tốt nghiệp : Ngành Sư phạm Toán : Trình độ : Đại học</subfield>
   <subfield code="c">Nguyễn Thị Thu Hường; Nguyễn Dương Hoàng (hướng dẫn)</subfield>
  </datafield>
  <datafield tag="260" ind1="#" ind2="#">
   <subfield code="b">Trường Đại học Đồng Tháp</subfield>
   <subfield code="c">2013</subfield>
   <subfield code="a">Đồng Tháp</subfield>
  </datafield>
  <datafield tag="300" ind1="#" ind2="#">
   <subfield code="a">60 tr.+ phụ lục</subfield>
   <subfield code="c">30 cm.</subfield>
   <subfield code="e">1 bản tóm tắt</subfield>
  </datafield>
  <datafield tag="500" ind1="#" ind2="#">
   <subfield code="a">ĐTTTS ghi: Bộ Giáo dục và Đào tạo Đồng Tháp. Trường Đại học Đồng Tháp</subfield>
  </datafield>
  <datafield tag="650" ind1=" " ind2=" ">
   <subfield code="a">Hình học</subfield>
  </datafield>
  <datafield tag="653" ind1="#" ind2="#">
   <subfield code="a">Khóa luận</subfield>
  </datafield>
  <datafield tag="653" ind1="#" ind2="#">
   <subfield code="a">Vectơ</subfield>
  </datafield>
  <datafield tag="653" ind1="#" ind2="#">
   <subfield code="a">Toán học</subfield>
  </datafield>
  <datafield tag="653" ind1="#" ind2="#">
   <subfield code="a">Phương pháp giảng dạy</subfield>
  </datafield>
  <datafield tag="653" ind1="#" ind2="#">
   <subfield code="a">Lớp 10</subfield>
  </datafield>
  <datafield tag="653" ind1="#" ind2="#">
   <subfield code="a">Năng lực chứng minh</subfield>
  </datafield>
  <datafield tag="700" ind1="1" ind2="#">
   <subfield code="a">Nguyễn, Dương Hoàng</subfield>
   <subfield code="e">hướng dẫn</subfield>
  </datafield>
  <datafield tag="852" ind1="#" ind2="#">
   <subfield code="b">Kho đọc</subfield>
   <subfield code="j">KD.0015204</subfield>
  </datafield>
  <datafield tag="852" ind1="#" ind2="#">
   <subfield code="j">KD.0015204</subfield>
  </datafield>
  <datafield tag="910" ind1="#" ind2="#">
   <subfield code="d">25/12/2013</subfield>
  </datafield>
  <datafield tag="980" ind1="#" ind2="#">
   <subfield code="a">Trung tâm Học liệu Lê Vũ Hùng, Trường Đại học Đồng Tháp</subfield>
  </datafield>
 </record>
</collection>
